Wyoming Football: Top 10 All-Time Leaders - Statistics

General Stats
  • This quiz has been taken 6 times
  • The average score is 19 of 63
Answer Stats
Category # Player Amount % Correct
Passing Yards 8 Josh Allen 5,066
100%
Tackles 2 Andrew Wingard 454
80%
Interceptions T3 Andrew Wingard 10
80%
Rushing Yards 1 Brian Hill 4,287
80%
Receiving Yards 1 Marcus Harris 4,518
80%
Passing Yards 2 Brett Smith 8,834
60%
Tackles 4 Logan Wilson 418
60%
Interceptions T3 Logan Wilson 10
60%
Passing Yards 1 Casey Bramlet 9,684
40%
Tackles 6 Chris Prosinski 373
40%
Receiving Yards 3 Jovon Bouknight 3,626
40%
Receiving Yards 8 Malcom Floyd 2,411
40%
Rushing Yards 7 Shaun Wick 2,533
40%
Receiving Yards 5 Tanner Gentry 2,815
40%
Sacks T5 Thomas Williams 24.0
40%
Rushing Yards 2 Xazavian Valladay 3,281
40%
Sacks T10 Brent Schieffer 19.0
20%
Interceptions 1 Brian Lee 17
20%
Passing Yards 7 Corey Bramlet 5,149
20%
Sacks T10 Craig Schlichting 19.0
20%
Interceptions T3 Daniel Prevo 10
20%
Sacks T7 David Edeen 23.0
20%
Rushing Yards 9 Derek Armah 2,190
20%
Rushing Yards 3 Devin Moore 2,963
20%
Receiving Yards 7 Dominic Rufran 2,492
20%
Sacks T7 Doug Rigby 23.0
20%
Tackles 8 Easton Gibbs 361
20%
Sacks 9 Eddie Yarbrough 21.5
20%
Tackles 7 Gabriel Knapton 368
20%
Tackles 1 Galand Thaxton 467
20%
Rushing Yards 8 Gerald Abraham 2,329
20%
Passing Yards 4 Jay Stoner 7,674
20%
Sacks T2 Jeff Knapton 30.0
20%
Tackles 3 Jim Talich 440
20%
Passing Yards 6 Joe Hughes 5,841
20%
Sacks T5 John Fletcher 24.0
20%
Tackles 5 John Salley 379
20%
Passing Yards 5 Josh Wallwork 6,453
20%
Interceptions T7 Julius Stinson 9
20%
Tackles 9 Ken Fantetti 352
20%
Rushing Yards 10 Kevin Lowe 2,188
20%
Interceptions T7 Kevin McClain 9
20%
Tackles 10 Lucas Wacha 344
20%
Interceptions T7 Marcus Epps 9
20%
Interceptions T3 Mark Thomas 10
20%
Rushing Yards 6 Marques Brigham 2,605
20%
Interceptions T7 Michael Davis 9
20%
Sacks 1 Mitch Donahue 49.0
20%
Sacks T2 Pat Rabold 30.0
20%
Sacks 4 Patrick Chukwurah 27.0
20%
Interceptions 2 Paul Wallace 14
20%
Passing Yards 10 Phil Davis 4,123
20%
Receiving Yards 10 Robert Herron 2,025
20%
Rushing Yards 4 Ryan Christopherson 2,906
20%
Receiving Yards 6 Ryan McGuffey 2,679
20%
Receiving Yards 2 Ryan Yarborough 4,357
20%
Passing Yards 9 Scott Runyan 4,817
20%
Receiving Yards 9 Steve Martinez 2,043
20%
Interceptions T7 Steve McMillon 9
20%
Interceptions T7 Tashaun Gipson 9
20%
Passing Yards 3 Tom Corontzos 7,712
20%
Receiving Yards 4 Wendell Montgomery 2,883
20%
Rushing Yards 5 Wynel Seldon 2,672
20%
No matching quizzes found
Score Distribution
Percent of People with Each Score
Percentile by Number Answered
Your Score History
You have not taken this quiz